000 00285nam a22001097a 4500
008 230623b xxu||||| |||| 00| 0 eng d
082 _a330.96
_bHAN 1958
245 _aAfrican Economic Development
260 _aLondon
_bOxford University Press
_c1958
300 _aX,307p
942 _2ddc
_cBK
999 _c2542
_d2542